000 00893nam a22001937a 4500
003 OSt
005 20260319160437.0
008 260319b |||||||| |||| 00| 0 eng d
040 _c1
082 _aDPer 370.15 J826 October-November 2024 v.116 n.7-8
100 _aYap, Janson Boon Khang
_eauthor.
_970000
245 _aDeliberately Making and Correcting Errors in Mathematical Problem-Solving Practice Improves Procedural Transfer to More Complex Problems /
_cJanson Boon Khang Yap and Sarah Shi Hui Wong
260 _aWashington D.C., USA.
_bAmerican Psychological Association
_cNovember 2024
300 _avolume 116, pages 1112-1128,
_billustration ;
_c28cm.
500 _aJournal of Educational Psychology, vol.116, no. 7-8, pages 1112-1128, October-November 2024
700 _aYap, Janson Boon Khang
_eauthor.
_970000
700 _aWong, Sarah Shi Hui.
_eauthor.
_964431
942 _2ddc
_cPER
999 _c24431
_d24431